The contemporary world / Kadesh Exodus T. Berdeblanco [and twelve others] ; editor, Paz O. Bailon. (Record no. 21303)
| 000 -LEADER | |
|---|---|
| fixed length control field | 00607nam a22001817a 4500 |
| 020 ## - INTERNATIONAL STANDARD BOOK NUMBER | |
| ISBN | 9786214063680 |
| 082 ## - DEWEY DECIMAL CLASSIFICATION NUMBER | |
| Classification number | 361 |
| Item number | B486 2024 |
| 100 ## - MAIN ENTRY--AUTHOR NAME | |
| Personal name | Berdeblanco, Kadesh Exodus T., author |
| 245 ## - TITLE STATEMENT | |
| Title | The contemporary world / Kadesh Exodus T. Berdeblanco [and twelve others] ; editor, Paz O. Bailon. |
| 260 ## - PUBLICATION, DISTRIBUTION, ETC. (IMPRINT) | |
| Place of publication | Manila : |
| Name of publisher | Mindshapers Co., Inc., |
| Year of publication | ©2024. |
| 300 ## - PHYSICAL DESCRIPTION | |
| Number of Pages | viii, 168 pages : |
| Other physical details | illustrations ; 23 cm |
| 500 ## - GENERAL NOTE | |
| General note | Includes bibliographical references. |
| 650 ## - SUBJECT ADDED ENTRY--TOPICAL TERM | |
| Topical Term | Globalization. |
| 650 ## - SUBJECT ADDED ENTRY--TOPICAL TERM | |
| Topical Term | World economics. |
| 650 ## - SUBJECT ADDED ENTRY--TOPICAL TERM | |
| Topical Term | Social issues. |
| 700 ## - ADDED ENTRY--PERSONAL NAME | |
| Personal name | Bailon, Paz O., editor. |
| 942 ## - ADDED ENTRY ELEMENTS (KOHA) | |
| Koha item type | Books |
| Source of acquisition | Permanent Location | Date acquired | Koha item type | Collection code | Accession Number | Lost status | Shelving location | Withdrawn status | Current Location | Full call number |
|---|---|---|---|---|---|---|---|---|---|---|
| School | Cagayan State University - Carig Library | 2025-08-28 | Books | Social Sciences | 011063 | General Collection | Cagayan State University - Carig Library | 361 B486 2024 | ||
| School | Cagayan State University - Carig Library | 2025-08-28 | Books | Social Sciences | 011064 | General Collection | Cagayan State University - Carig Library | 361 B486 2024 | ||
| School | Cagayan State University - Carig Library | 2025-08-28 | Books | Social Sciences | 011065 | General Collection | Cagayan State University - Carig Library | 361 B486 2024 |